World Series Of Darts Länder 2024 - Statistiken

Allgemein
  • Dieses Quiz wurde 105 mal gespielt
  • Das Durchschnittsergebnis liegt bei 5 aus 7
Antwortstatistiken
Land % Korrekt
Australien
84%
Vereinigte Staaten
81%
Niederlande
77%
Bahrain
68%
Neuseeland
68%
Polen
64%
Dänemark
52%
Keine übereinstimmenden Quizze gefunden
Verteilung der Resultate
Anzahl Personen mit jedem Resultat
Perzentil nach korrekt beantworteten Fragen
Ihre Resultats-Entwicklung
Sie haben dieses Quiz noch nicht gespielt